Bliss (Record no. 40077)
[ view plain ]
| 000 -LEADER | |
|---|---|
| fixed length control field | 00557nam a22001937a 4500 |
| 005 - DATE AND TIME OF LATEST TRANSACTION | |
| control field | 20010101070543.0 |
| 008 - FIXED-LENGTH DATA ELEMENTS--GENERAL INFORMATION | |
| fixed length control field | 010101b xxu||||| |||| 00| 0 eng d |
| 020 ## - ISBN | অাই এস বি এন | |
| PRICE | 38.00 |
| 040 ## - CATALOGING SOURCE | |
| Original cataloging agency | Loreto College |
| 041 ## - LANGUAGE CODE | |
| Language code | English |
| 082 ## - DDC | ডিউই | |
| Classification number | বর্গসংখ্যা | 428 |
| Book Number | গ্রন্থাঙ্ক | WBB |
| 110 ## - AIN ENTRY--CORPORATE NAME | মুখ্য সংলেখ - সংস্থানাম | |
| Corporate name | সংস্থা নাম | West Bengal Board of Secondary Education |
| 245 ## - TITLE STATEMENT | অাখ্যা বিবরণী | |
| Title | অাখ্যা | Bliss |
| Sub title | উপঅাখ্যা | English textbook for Class IX Second language |
| Statement of responsibility | লেখকের দায়িত্বের বিবরণ | West Bengal Board of Secondary Education |
| 260 ## - IMPRINT | প্রকাশনা ক্ষেত্র | |
| Place of publication | প্রকাশ স্থান | Kolkata |
| Name of publisher | প্রকাশকের নাম | WBBSE |
| Date of publication | প্রকাশ কাল | 2014 |
| 300 ## - PHYSICAL DESCRIPTION | | |
| Page / Vol. No | পৃষ্ঠা / খন্ড সংখ্যা | ix,109p |
| Other physical details | অনান্য বাহ্যিক বিবরণ | 22cm |
| 650 ## - SUBJECT ADDED ENTRY--TOPICAL TERM | বিষয় শিরোনাম - মূল বিষয় | |
| Topical term | মূল বিষয় | English teaching textbook |
| 850 ## - HOLDING INSTITUTION | |
| Holding institution | LCBED |
| 942 ## - ADDED ENTRY ELEMENTS (KOHA) | |
| Koha item type | Books |
| Withdrawn status | Lost status | Source of classification | Damaged status | Not for loan | Home library | Current library | Date acquired | Price | Total Checkouts | Full call number | Accession No. | Date last seen | Price effective from | Koha item type |
|---|---|---|---|---|---|---|---|---|---|---|---|---|---|---|
| Dewey Decimal Classification | Loreto College | Loreto College | 01/01/2001 | 38.00 | 428 WBB 15278 | 43650 | 01/01/2001 | 01/01/2001 | Books | |||||
| Dewey Decimal Classification | Loreto College | Loreto College | 01/01/2001 | 38.00 | 428 WBB 15279 | 43651 | 01/01/2001 | 01/01/2001 | Books | |||||
| Dewey Decimal Classification | Loreto College | Loreto College | 01/01/2001 | 38.00 | 428 WBB 15280 | 43652 | 01/01/2001 | 01/01/2001 | Books | |||||
| Dewey Decimal Classification | Loreto College | Loreto College | 01/01/2001 | 38.00 | 428 WBB 15281 | 43653 | 01/01/2001 | 01/01/2001 | Books |